Statistiques concernant Principaux lacs de Suisse

Cliquez ici pour prendre le quiz!

Statistiques générales

  • Ce quiz a été pris 158 fois
    (132 depuis la dernière actualisation)
  • Le résultat moyen est 10 sur 22

Statistiques - réponses

CantonSupperficieRépnse% Correct
GE/VD/VS/(F)581,3Lac Léman
100%
NE/VD/FR/BE215,2Lac de Neuchâtel
92%
SG/TG/(D/A)539Lac de Constance
81%
LU/SZ/NW/OW/UR113,7Lac des Quatre Cantons
76%
BE/NE39,5Lac de Bienne
75%
ZH/SZ/SG88,2Lac de Zurich
74%
TI/(I)212Lac Majeur
71%
TI/(I)49Lac de Lugano
65%
FR/VD22,8Lac de Morat
61%
ZG/LU/SZ38,4Lac de Zoug
58%
BE47,7Lac de Thoune
55%
BE29,8Lac de Brienz
48%
VD9,5Lac de Joux
44%
GL/SG24,2Lac de Walenstadt (Walensee)
21%
LU14,4Lac de Sempach
19%
OW7,38Lac de Sarnen
15%
AG/LU10,2Lac de Hallwil
10%
ZH8,4Lac de Greifen (Greifensee)
9%
GR4,10Lac de Sils (Lej da Segl)
9%
ZG7,3Lac d'Ägeri
8%
LU5,2Lac de Baldegg
6%
ZH3.1Pfäffikersee (Lac de Pfäffikon)
2%

Distribution des résultats

Percentile par nombre de réponses

% des personnes avec chaque résultat

Votre développement - résultats

Vous n’avez pas pris ce quiz depuis la dernière actualisation